Čtení o logopedii - 1. část

Bibliographic Details
Main Author: Trojanová, K. (Author)
Format: Article
Language:Czech

MARC

LEADER 00000nab a2200000uu 4500
001 vtls011139687
003 SK-MaSNL
005 20260303131652.0
008 230218|2012 xo |||||||||||||||||cze|
015 |a SNBRB 
035 |a (urnnbn)urn:nbn:sk:snk:ar-007xam 
035 |a (uuid)f6670338-a32a-455d-8417-9bd58976e9df 
035 |a urn:nbn:sk:snk-abarso 
040 |a SNKBUCL  |b slo  |c SNKBUCL  |e AACR2 
041 0 |a cze 
044 |a xo  |c SK 
100 1 |a Trojanová, K.  |4 aut  |9 1148694 
245 1 0 |a Čtení o logopedii - 1. část  |c K. Trojanová 
773 0 |t Československá pediatrie : časopis Pediatrické společnosti časopis Československé pediatrické společnosti, sekce Československé lékařské společnosti J.E. Purkyně ; časopis České a Slovenské pediatrické společnosti  |g Roč. 67, č. 3 (2012), s. 197-202 
954 |a odborná, vedecká literatúra cudzojazyčná (svetová)  |2 lita 
958 |a OND 
958 |a EUIPO 
958 |a article14 
999 |c 1946310  |d 1948240